| 000 | 00709nam a2200217Ia 4500 | ||
|---|---|---|---|
| 003 | GCL | ||
| 008 | 140319s9999 xx 000 0 ara d | ||
| 020 | _a2477300977 | ||
| 040 |
_aGCL / _cGCL |
||
| 082 | 0 | 4 |
_a658.403 _bم ا |
| 100 | 1 | _aمحمد رشاد الحملاوى | |
| 245 | 1 | 0 |
_aادارة الازمات : _bتجارب محلية وعالمية / _cمحمد رشاد الحملاوى |
| 250 | _aالثانية | ||
| 260 |
_aالقاهرة : _bمكتبة عين شمس ، _c1995 |
||
| 300 |
_a313 ص ؛ _c24 سم |
||
| 650 | 0 | 4 | _aادارة الاعمال |
| 650 | 0 | 4 | _aالادارة |
| 650 | 0 | 4 | _aالازمات الاقتصادية |
| 650 | 0 | 4 | _aادارة الازمات |
| 942 |
_2ddc _cBK |
||
| 999 |
_c7491 _d7491 |
||